000 00726nam#a22002775a#4500
001 2015
008 120803s2011####ag#a###g######001#0#spa#d
245 1 3 _aLa táctica en el ajedrez :
_bejercicios prácticos /
_cViktor Moskalenko.
250 _a1ª ed.
260 _aBuenos Aires :
_bRobin book,
_c2011.
300 _a156 p. :
_bil. byn. ;
_c24 cm.
490 0 _aEscaques ;
_vno. 4
020 _a9788499170985
100 1 _aMoskalenko, Viktor.
080 _a794.1
084 _aM81
653 _aAjedrez
653 _aTácticas
653 _aEntretenimientos
653 _aJuegos de tablero
653 _aJuegos de mesa
040 _aAR-ClEAG
_cAR-ClEAG
005 20241107184730.0
003 AR-ClEAG
942 _cBK
999 _c2015
_d2015
980 _62
_aEvangelina Gallicchio
_82
_gEvangelina Gallicchio